Loading...
| History - Other | 1 | 1 | 0 | 1 | 25 | 31 | 78.00 | 0 | 1 | 7.56 | 10.00 |
| Religion | 0 | 2 | 0 | 1 | 20 | 118 | 127.00 | 0 | 0 | 0.78 | 5.00 |
| Mythology | 0 | 2 | 0 | 0 | 20 | 120 | 123.50 | 0 | 0 | 1.74 | 5.00 |
| History - American | 0 | 2 | 0 | 1 | 20 | 111 | 127.00 | 0 | 0 | 1.89 | 3.41 |
| Literature - British | 0 | 2 | 1 | 0 | 15 | 120 | 128.00 | 0 | 1 | 1.02 | 10.23 |
| Literature - American | 0 | 1 | 0 | 0 | 10 | 113 | 113.00 | 0 | 1 | 2.46 | 5.68 |
| Geography | 0 | 1 | 0 | 0 | 10 | 109 | 109.00 | 0 | 0 | 7.42 | 18.75 |
| Philosophy | 0 | 1 | 0 | 1 | 10 | 136 | 136.00 | 0 | 0 | 0.07 | 1.14 |
| Science - Physics | 0 | 1 | 0 | 1 | 10 | 121 | 121.00 | 0 | 0 | 0.07 | 2.27 |
| History - World | 0 | 1 | 0 | 0 | 10 | 134 | 134.00 | 0 | 0 | 0.06 | 1.04 |
| Social Science | 0 | 1 | 0 | 0 | 10 | 78 | 78.00 | 0 | 1 | 4.22 | 7.50 |
| Mythology- Edited | 0 | 0 | 0 | 0 | 0 | 0.00 | 0 | 0 | 0.00 | 0.00 | |
| Literature - World | 0 | 0 | 1 | 0 | -5 | 0.00 | 0 | 0 | 0.00 | 0.00 | |
| Fine Arts - Visual | 0 | 0 | 1 | 0 | -5 | 0.00 | 0 | 0 | 0.00 | 0.00 | |
| Pop Culture | 0 | 0 | 1 | 0 | -5 | 0.00 | 0 | 0 | 0.00 | 0.00 |